Statistics for The Top 50 Most Subscribed YouTube Channels

Click here to take the quiz!

General Stats

  • This quiz has been taken 22 times
  • The average score is 7 of 50

Answer Stats

#Channel% Correct
2MrBeast
89%
6Pewdiepie
78%
1T-Series
61%
3Cocomelon
39%
16Justin Bieber
39%
39Taylor Swift
28%
38Ariana Grande
22%
145-Minute Crafts
17%
49Bad Bunny
17%
25Dude Perfect
17%
36Ed Sheeran
17%
32Eminem
17%
7Like Nastya
17%
10WWE
17%
42Billie Eilish
11%
11Blackpink
11%
48Fernanfloo
11%
18Zee TV
11%
47A4
6%
30Aaj Tak
6%
45Badabun
6%
15BangtanTV
6%
40BillionSurpriseToys
6%
20Canal KondZilla
6%
21ChuChu TV Nursery Rhymes & Kids Songs
6%
23Colors TV
6%
28El Reino Infantil
6%
44Get Movies
6%
12Goldmines
6%
17Hybe Labels
6%
37Infobells
6%
41JuegaGerman
6%
5Kids Diana Show
6%
35LooLoo Kids
6%
33Marshmello
6%
26Movieclips
6%
19Pinkfong
6%
43Shemaroo
6%
31Sony Music India
6%
46SonyMusicIndiaVEVO
6%
13Sony SAB
6%
27Tips Official
6%
24T-Series Bhakti Sagar
6%
8Vlad and Niki
6%
50Voot Kids
6%
29Wave Music
6%
34Yash Raj Films
6%
9Zee Music Company
6%
22Shemaroo Entertainment
0%
4Sony Entertainment Television India
0%

Score Distribution

Percentile by Number Answered

Percent of People with Each Score

Your Score History

You have not taken this quiz